| 000 | 01271nam a2200349Ia 4500 | ||
|---|---|---|---|
| 001 | dia_1067 | ||
| 003 | CHAP | ||
| 005 | 20230123095958.0 | ||
| 008 | 220117s1985 xx 000 0 und d | ||
| 010 | _a171614 | ||
| 040 | _cCHAP | ||
| 082 | _a338.736 F5 | ||
| 110 |
_aFideicomisos Instituidos en Relación con la Agricultura. México _940733 |
||
| 245 |
_aInstructivos Técnicos de Apoyo para la Formulación de Proyectos de Financiamiento y Asistencia / _c por Fira |
||
| 260 |
_aMéxico, D.F. : _b Fira, _c1985 |
||
| 300 | _a6 v. | ||
| 410 | _aSERIE AGROINDUSTRIAS, FIRA | ||
| 500 | _aLa biblioteca tiene: v.1 actividad forestal, v.2 molinos arroceros, v.3 industria de frutas y hortalizas, v.4 industrias lácteas, v.5 acuacultura y v.6 bienes agromecánicos | ||
| 503 | _aC/e | ||
| 650 |
_a1.Industrias Agrícolas _9149938 |
||
| 650 |
_aAcuacultura _9138623 |
||
| 650 |
_aArroz _xindustria _97623 |
||
| 650 |
_aArroz _xmolienda _97636 |
||
| 650 |
_aFruta _xindustria _943625 |
||
| 650 |
_aIndustria lechera _957819 |
||
| 650 |
_aIndustrias forestales _957979 |
||
| 650 |
_aLegumbres _xindustria _965731 |
||
| 901 | _a338.736 F5 | ||
| 902 | _aM | ||
| 905 | _a0000001985 MX A 0000000000SPA00 | ||
| 942 |
_cLIBRO _2ddc |
||
| 999 |
_c171614 _d171614 |
||